00624nam a2200181 a 450000100100000000500170001000800410002704000250006808200210009310000290011424500770014326000570022030000210027750000420029850400330034065000200037365100490039300000565620200929151732.0090821s1987 dr 001 0 spa d aDO-SdBNPbspacBNPHU a338.97293bB697p1 aBona Prandy, Pedro Julio10aPlanificación en la República Dominicana /cPedro Julio Bona Prandy. aSanto Domingo :bFundación Friedrich Ebert,c1987. a202 p. ;c23 cm. aIncluye notas al pie de las páginas aBibliografía : p. 197 -198 4aPlanificación 4aRepública DominicanaxPolitica Económica